000 01904nam a2200349 i 4500
001 768714001
003 CO-MdFUSB
005 20220714164646.0
007 ta
008 220527t1974sp sp |||| 00| 0 spa spa
020 _a847530124x
040 _aCO-MdFUSB
_bspa
_cCO-MdFUSB
_dCO-MdFUSBC
_erda
041 _aspa
_heng
082 _223
_a810.9005
_bH488
100 _aHemingway, Ernest,
_eautor
240 _aA farewell to arms
245 4 _a Adiós a las armas
_c/ Ernest Hemingway ; traducido por Luis de Carlat
264 1 _aEspaña :
_bEdiciones Orbis,
_c[1974]
264 4 _c© 1974
300 _a300 páginas
_c; 20 cm
336 _2rdacontent
_atexto
_btxt
337 _2rdamedia
_asin mediación
_bn
338 _2rdacarrier
_avolumen
_bnc
490 _aLos Premios Nobel,
500 _aGanador del Nobel en 1954
520 _aUna inolvidable historia de amor entre una enfermera y un joven soldado idealista en la Italia de la I Guerra Mundial. Por el Premio Nobel de Literatura Ernest Hemingway. No amaba a Catherine Barkley, ni se le ocurría que pudiera amarla. Aquello era como el bridge, un juego donde te largas a hablar en vez de manejar las cartas. Eso pensaba el teniente americano Frederic Henry, conductor de ambulancias en el frente italiano durante la Primera Guerra Mundial, al poco de conocer a esta bella enfermera británica. Lo que parecía un juego se convirtió en pasión intensa, mientras la guerra lo arrasaba todo y los hombres desfilaban bajo la lluvia, agotados y hambrientos, sin pensar más que en huir de la muerte. Inspirada en las vivencias de Hemingway, Adiós a las armas es ya un clásico de la literatura universal y uno de los mejores retratos de la voluntad humana.
563 _aPasta dura
650 7 _2embne
_92265
_aLiteratura hispanoamericana
700 _96587
_aCaralt, Luis de,
_etraductor
942 _cBK
945 _aJTF-925
999 _c67915
_d67915